Estadísticas para Países con el Mayor Número de Camellos Domésticos

Haz click aquí para intentar la prueba.

Estadísticas generales

  • Esta prueba ha sido intentada 1.514 veces
  • La puntuación promedio es 15 de 20

Estadísticas de respuestas

#País% Correcto
0,493 mArabia Saudita
92%
0,417 mArgelia
85%
4,90 mSudán
84%
0,273 mOmán
80%
0,433 mYemen
80%
8,28 mChad
78%
0,462 mEmiratos Árabes Unidos
77%
1,83 mNíger
77%
1,28 mEtiopía
75%
1,24 mMalí
75%
1,50 mMauritania
75%
0,238 mTúnez
75%
0,252 mIndia
71%
7,24 mSomalia
71%
0,290 mNigeria
70%
0,405 mChina
66%
0,388 mEritrea
64%
1,09 mPakistán
64%
4,72 mKenia
62%
0,472 mMongolia
50%

Distribución de puntuación

Porcentaje por número respondido

Porcentaje de gente con cada puntuación

Historial de tus puntuaciones

No has intentado esta prueba.